| 000 | 00543nam a2200157 a 4500 | ||
|---|---|---|---|
| 001 | 000015596 | ||
| 005 | 20200929164102.0 | ||
| 008 | 100215s196u dr 000 0 spa d | ||
| 040 |
_aDO-SdBNP _bspa _cBNPHU |
||
| 082 |
_axxx _bM843u |
||
| 100 | 1 |
_aMorera, José _922544 |
|
| 245 | 1 | 4 | _aUna exploración en el campo de las finanzas en favor de la rehabilitación económica de la República Dominicana. |
| 260 |
_aSantiago de los Caballeros : _bEstudios Económicos, Sociales y Políticos, _c196u. |
||
| 300 |
_a22 p. ; _c23 cm. |
||
| 049 | _aBNPD | ||
| 999 |
_c15151 _d15151 |
||